Exchange traded funds
Charakteristika Exchange traded funds (ETF). Exchange traded funds - atraktívne vzhľadom na ich nízke náklady, daňové výhody a črty podobné akciám. Najpopulárnejší nástroj pre obchodovanie na burzách (po akciách). Možnosti investovania a využitie. Porovnanie ETF s inými investíciami do fondov. Systé...
Saved in:
| Main Author: | |
|---|---|
| Other Authors: | |
| Format: | Book Chapter |
| Language: | Slovak |
| Subjects: | |
| Tags: |
No Tags, Be the first to tag this record!
|
MARC
| LEADER | 00000nla$a2200000$$$4500 | ||
|---|---|---|---|
| 001 | 0147021 | ||
| 005 | 20240502083340.2 | ||
| 041 | 0 | |a slo | |
| 044 | |a CZ | ||
| 245 | 1 | 0 | |a Exchange traded funds |c Natália Žoldáková, Boris Šturc |
| 520 | |a Charakteristika Exchange traded funds (ETF). Exchange traded funds - atraktívne vzhľadom na ich nízke náklady, daňové výhody a črty podobné akciám. Najpopulárnejší nástroj pre obchodovanie na burzách (po akciách). Možnosti investovania a využitie. Porovnanie ETF s inými investíciami do fondov. Systém ETF a jeho relizovateľnosť na Slovensku. | ||
| 610 | 2 | 0 | |a fondy investičné |
| 610 | 2 | 0 | |a investície |
| 610 | 2 | 0 | |a investori |
| 610 | 2 | 0 | |a akcie |
| 610 | 2 | 0 | |a papiere cenné |
| 610 | 2 | 0 | |a burzy |
| 610 | 2 | 0 | |a indexy |
| 100 | 1 | |a Žoldáková, Natália, 1985- | |
| 700 | 1 | |a Šturc, Boris, 1961- | |